| 000 | 01349nam0a22002891 4500 | ||
|---|---|---|---|
| 001 | RU\NLR\INFOCOMM_161\5000043644 | ||
| 005 | 20250613091737.0 | ||
| 035 | _a(NLR Aleph) 009129079 | ||
| 090 |
_a8265649 _c8265649 |
||
| 100 | _a20090531d1989 |||y0rusy50 ca | ||
| 101 | 1 |
_ager _crus |
|
| 102 | _aRU | ||
| 105 | _aa ||||000|y | ||
| 200 | 1 |
_aDmitri Bisti _eKatalog der Ausst. _f[Verf. des Art. u. des Katalogs: E. Butorina _gÜbers. ins Dt. L. Rushawina] _gKünstlerverband der UdSSR, Galerie Zentralbuchhandlung, Wien _gUnter dem Ehrenschutz der Botschaft der UdSSR in Österreich |
|
| 210 |
_aΜ. _cSowjetskij chudoshnik _d1989 |
||
| 215 |
_a25 с. _cил., факс., портр. _d29 см |
||
| 300 | _aВ вып. дан.: Дмитрий Бисти: Каталог / Авт. статьи и сост. каталога: Евгения Иннокентьевна Буторина | ||
| 600 | 1 |
_aБисти _bД. С. _f1925- _gДмитрий Спиридонович _xВыставки _yВена _z1989 _2nlr_sh1 |
|
| 686 |
_aЩ153(2р=р)7-8Бисти _2rubbk |
||
| 702 | 1 |
_aButorina _bE. I. _gEvgenija Innokent'evna _4220 |
|
| 702 | 1 |
_9z01790 _aBisti _bD. S. _f1925- _gDmitrij Spiridonovič _4570 |
|
| 790 | 1 |
_9z01702 _aBisti _bD. _gDmitri _4245 |
|
| 801 | 1 |
_aRU _bNLR _c20090531 |
|
| 801 | 0 |
_aRU _bNLR _gPSBO |
|
| 852 |
_aNLR _jЭ КП/Б658 |
||
| 942 | _cBOOK | ||
| 980 | _aNB | ||